000 00294nam a2200109Ia 4500
008 240731s9999 xx 000 0 und d
245 0 _aQuarterly Journal of Crude Drug Research
260 _bTaylor & Francis
856 _uhttps://www.tandfonline.com/loi/iphb17
942 _2ddc
942 _cTFEJ
999 _c79112
_d79112
945 _a1
_bMadushi Gamage
_c1
_dMadushi Gamage